Poesías completas
Uloženo v:
| Hlavní autor: | |
|---|---|
| Médium: | Kniha |
| Jazyk: | španělština |
| Vydáno: |
Madrid
Castalia
1973
|
| Edice: | Clásicos Castalia, 57-105
|
| Témata: | |
| Tagy: |
Přidat tag
Žádné tagy, Buďte první, kdo vytvoří štítek k tomuto záznamu!
|
MARC
| LEADER | 00000nam a2200000 a 4500 | ||
|---|---|---|---|
| 001 | UCQ5275 | ||
| 003 | CL-VaPUC | ||
| 008 | 980925e19730000SP |||||||||||||||||spa|d | ||
| 082 | 0 | 4 | |a 861 |b CER |2 21 |
| 100 | |a Cervantes y Saavedra, Miguel de |e author |9 267947 | ||
| 245 | 1 | 0 | |a Poesías completas |
| 300 | |a 2 v | ||
| 942 | |c BK | ||
| 945 | |d 19980925 00:00:00 |a crobeson | ||
| 260 | |a Madrid |b Castalia |c 1973 | ||
| 500 | |a v.1: Viaje del Párnaso, adjunta al Párnaso | ||
| 650 | 0 | |a Poesías españolas |9 265100 | |
| 650 | 0 | |a Literatura española |9 306261 | |
| 583 | |a last modification |c 19980925 00:00:00 |k Rodrigo Vera | ||
| 490 | 0 | |a Clásicos Castalia, 57-105 | |
| 999 | |c 275489 |d 275487 | ||
| 952 | |0 0 |1 0 |4 0 |6 861_000000000000000_CER_1973 |7 0 |8 A |9 312240 |a BIBEDU |b BIBEDU |d 2019-11-20 |h v.1 |i 1469843 |o 861 CER 1973 |p 1469843 |r 2019-11-20 |w 2019-11-20 |y BK |k LIT | ||
| 952 | |0 0 |1 0 |4 0 |6 861_000000000000000_CER_1973 |7 0 |8 A |9 312241 |a BIBEDU |b BIBEDU |d 2019-11-20 |h v.2 |i 1469851 |o 861 CER 1973 |p 1469851 |r 2019-11-20 |w 2019-11-20 |y BK |k LIT | ||